Score 0/16 Timer 04:00
0 Plays Today
Hint Answer % Correct
Year of Release2013
94.2%
Month of Release (US)June
88.4%
Based off this Comic Book CompanyDC Comics
85.8%
Superman's Alter EgoClark Kent
83.6%
Top Billed ActorHenry Cavill
78.2%
Newspaper Superman Works ForDaily Planet
74.7%
Top Billed ActressAmy Adams
69.8%
Features this Central VillainGeneral Zod
69.8%
Hint Answer % Correct
Distribution CompanyWarner Bros. Pictures
67.6%
DirectorZack Snyder
63.6%
Worldwide Box Office (nearest $100 mil)$668 million
59.6%
Rotten Tomatoes Critic Score56%
59.1%
Second Top Billed ActorMichael Shannon
52.9%
Production Budget (nearest $10 mil)$258 million
51.1%
Runtime (minutes)143
49.8%
Composer/ScoreHans Zimmer
48%
Remove Ads.
Support Sporcle.
Get the best of Sporcle when you Go Orange. This ad-free experience offers more features, more stats, and more fun while also helping to support Sporcle. Thank you for becoming a member.

You're not logged in!

Compare scores with friends on all Sporcle quizzes.
OR
Log In

Show Comments

Extras

Top Quizzes Today


Score Distribution

Your Account Isn't Verified!

In order to create a playlist on Sporcle, you need to verify the email address you used during registration. Go to your Sporcle Settings to finish the process.

Report this User

Report this user for behavior that violates our Community Guidelines.

Details: